000 00950nam a22002057a 4500
005 20241004114124.0
008 240819b ||||| |||| 00| 0 eng d
082 _aDPer 370.15 J826 April - May 2021 v113no. 3-4
100 _aKim, Young-Suk Grace.
_eauthor.
_958216
245 _aReading prosody unpacked:
_ba longitudinal investigation of its dimensionality and relation with word reading and listening comprehension for children in primary grades /
_cYoung-Suk Grace Kim, Jamie M. Quinn, and Yaacov Petscher.
260 _aWashington;
_bAmerican Psychological Association,
_cApril 2021.
300 _avolume 113, pages 423-445,
_billustration.
650 0 _aPsychology.
_91184
650 0 _aListening
_xComprehension.
_943198
650 0 _aReading (Early childhood).
_946273
700 _aKim, Young-Suk Grace.
_eauthor.
_958216
700 _aQuinn, Jamie M.
_eauthor.
_958217
700 _aPetscher, Yaacov.
_eauthor.
_958218
942 _2ddc
_cPER
999 _c20626
_d20626